000 00739nam a22002057a 4500
999 _c6296
_d6296
003 AR-CdUCM
008 190314b ||||| |||| 00| 0 spa d
040 _aMUNICIPALIDAD PROVINCIAL DEL CUSCO
_cBIBLIOTECA MUNICIPAL DEL CUSCO
082 _a869.56 /
_bM267
100 _aMarsano Campodónico, Alberto
_918063
245 _aLágrimas y espinas de los Andes /
260 _aLima :
_bPropsa.
_c1968.
300 _a146 páginas ;
_c20 cm.
505 _aContenido: Bajaran los andes -- Perdónalos -- Mares verdes -- Disfraz -- Maestros -- Altiplano -- Faros -- Paisaje andino -- Ante el universo...
650 _aPoesías peruanas
_91481
650 _aSiglo XX
_98
650 _aAndes peruanos
_96688
942 _2ddc
_cLIBROS
945 _adavv